000 00654nam a2200229Ia 4500
003 OSt
005 20220923230702.0
006 a|||||r|||| 00| 0
007 ta
008 Pun
024 _a304,735
037 _cTextual
040 _aARTS
_cARTS
_bPun
041 _2Pun
_aPun
082 _aO153,3N17:g, M2
100 _aਸਹੋਤਾ, ਧਰਮ ਸਿੰਘ
245 0 _aਸਿਆਸਤ ਦਾ ਧਨੀ ਗਿਆਨੀ ਕਰਤਾਰ ਸਿੰਘ
260 _c1982
650 _aਪੰਜਾਬੀ ਸਾਹਿਤ
942 _hO153,3N17:g, M2
_cTEXL
_2CC
999 _c386542
_d386542